| 000 | 00687nam a22001935i 4500 | ||
|---|---|---|---|
| 001 | 172438 | ||
| 003 | ES-MaACL | ||
| 005 | 20250807210009.0 | ||
| 008 | 090706s1881 sp |||| | spa d | ||
| 080 | _a396.6 | ||
| 100 | 1 |
_aVega, Telmo. _9140970 |
|
| 245 | 1 | 0 |
_aDerechos de la madre bínuba _b: memoria leída en la Academia Matritense de Jurisprudencia y Legislación / _cpor Telmo Vega. |
| 260 |
_aMadrid : _b[s.n.], _c1881 ( _fEstab. Tip. de Góngora y Compañía) |
||
| 300 |
_a30 p. ; _c21 cm. |
||
| 650 | 7 |
_aMujeres casadas _2embne _9165354 |
|
| 710 | 2 |
_aAcademia Matritense de Jurisprudencia y Legislación. _91204 |
|
| 852 | 4 |
_aES-MaACL _jT-351-F-4 |
|
| 999 |
_c172438 _d172438 |
||